| 000 | 00373nam a22001217a 4500 | ||
|---|---|---|---|
| 008 | 230609b xxu||||| |||| 00| 0 eng d | ||
| 082 | _a332.67 | ||
| 100 | _cGovernment of Kenya | ||
| 245 |
_aNational Assembly _bTenth Report of the Public Investments Committee on the Accounts of State Corporations _hVolume 1 |
||
| 260 |
_aKenya _bGOK _c2001 |
||
| 300 | _a725p | ||
| 942 |
_2ddc _cBK |
||
| 999 |
_c889 _d889 |
||